Vista normal
Vista MARC
Entrada Personal Name
Número de registros utilizados en: 13
001 - CONTROL NUMBER
- control field: 35
003 - CONTROL NUMBER IDENTIFIER
- control field: DO-SdBNP
005 - DATE AND TIME OF LATEST TRANSACTION
- control field: 20160826100459.0
008 - FIXED-LENGTH DATA ELEMENTS
- fixed length control field: 160826|| aca||aabn | a|a d
040 ## - CATALOGING SOURCE
- Original cataloging agency: DO-SdBNP
100 1# - HEADING--PERSONAL NAME
- Personal name: Cervantes Saavedra, Miguel de,
- Dates associated with a name: 1547-1616
400 ## - SEE FROM TRACING--PERSONAL NAME
- Personal name: Cervantes, Miguel de,
- Dates associated with a name: 1547-1616
670 ## - SOURCE DATA FOUND
- Source citation: Don Quijote de la Mancha, 2009.
- Information found: p. IX